LEADER 02025nam 2200373 450 001 996280453203316 005 20231207111740.0 010 $a0-7381-9068-3 035 $a(CKB)3780000000090680 035 $a(NjHacI)993780000000090680 035 $a(EXLCZ)993780000000090680 100 $a20231207d2014 uy 0 101 0 $aeng 135 $aur||||||||||| 181 $ctxt$2rdacontent 182 $cc$2rdamedia 183 $acr$2rdacarrier 200 10$aIEEE standard for cylindrical-rotor 50 Hz and 60 Hz synchronous generators rated 10 MVA and above /$fInstitute of Electrical and Electronics Engineers (IEEE) 210 1$aNew York :$cInstitute of Electrical and Electronics Engineers (IEEE).,$d2014. 215 $a1 online resource (xi, 49 pages) $cillustrations 330 $aThe requirements in this standard are applied to 50 Hz and 60 Hz, two-pole and four-pole, cylindrical- rotor synchronous generators driven by steam turbines and/or by combustion gas turbines. The drive may be direct or through a gearbox or other device that permits different speeds for the turbine and the generator. The generators covered by this standard are to have rated outputs of 10 MVA and above. Keywords: ac generator, combustion gas turbine-generator, cylindrical-rotor generator, IEEE C50.13, steam turbine-generator, synchronous generator, turbine generator. 517 $aIEEE Std C50.13-2014 (Revision of IEEE Std C50.13-2005): IEEE Standard for Cylindrical-Rotor 50 Hz and 60 Hz Synchronous Generators Rated 10 MVA and Above 517 $aIEEE Std C50.13-2014 606 $aElectric generators$yTesting 606 $aElectric motors, Synchronous$xStandards 615 0$aElectric generators 615 0$aElectric motors, Synchronous$xStandards. 676 $a621.313 801 0$bNjHacI 801 1$bNjHacl 906 $aDOCUMENT 912 $a996280453203316 996 $aIEEE Standard for Cylindrical-Rotor 50 Hz and 60 Hz Synchronous Generators Rated 10 MVA and Above$93647243 997 $aUNISA LEADER 02895nam 2200637Ia 450 001 9910830097303321 005 20230421044552.0 010 $a1-282-68357-8 010 $a9786612683572 010 $a0-470-14147-6 010 $a0-470-14200-6 035 $a(CKB)1000000000376715 035 $a(EBL)455858 035 $a(OCoLC)609844596 035 $a(SSID)ssj0000353950 035 $a(PQKBManifestationID)11236646 035 $a(PQKBTitleCode)TC0000353950 035 $a(PQKBWorkID)10302050 035 $a(PQKB)11512103 035 $a(MiAaPQ)EBC455858 035 $a(EXLCZ)991000000000376715 100 $a19940418d1994 uy 0 101 0 $aeng 135 $aur|n|---||||| 181 $ctxt 182 $cc 183 $acr 200 00$aChemical dynamics at low temperatures$b[electronic resource] /$fVictor A. Benderskii, Dmitrii E. Makarov, Charles A. Wight 210 $aNew York $cWiley$dc1994 215 $a1 online resource (400 p.) 225 1 $aAdvances in chemical physics ;$vv. 88 300 $a"An Interscience publication." 311 $a0-471-58585-8 320 $aIncludes bibliographical references and index. 327 $aCHEMICAL DYNAMICS AT LOW TEMPERATURES; CONTENTS; INTRODUCTION; FROM THERMAL ACTIVATION TO TUNNELING; ONE-DIMENSIONAL MODELS; TWO-DIMENSIONAL TUNNELING; CHEMICAL DYNAMICS IN THE PRESENCE OF A HEAT BATH; HYDROGEN TRANSFER; TUNNELING ROTATION; VIBRATION-ROTATION TUNNELING SPECTROSCOPY OF MOLECULES AND DIMERS; HEAVY PARTICLE TRANSFER; CONCLUSION; REFERENCES; AUTHOR INDEX; SUBJECT INDEX 330 $aThe first unified treatment of experimental and theoretical advances in low-temperature chemistry Chemical Dynamics at Low Temperatures is a landmark publication. For the first time, the cumulative results of twenty years of experimental and theoretical research into low-temperature chemistry have been collected and presented in a unified treatment. The result is a text/reference that both offers an overview of the subject and contains sufficient detail to guide practicing researchers toward fertile ground for future research. Topics covered include:* Developmental history* Formulation 410 0$aAdvances in chemical physics ;$vv. 88. 606 $aChemical reactions 606 $aLow temperature research 606 $aLow temperatures 606 $aTunneling (Physics) 615 0$aChemical reactions. 615 0$aLow temperature research. 615 0$aLow temperatures. 615 0$aTunneling (Physics) 676 $a541.3686 701 $aBenderskii?$b V. A$g(Viktor Adol?fovich)$01604139 701 $aMakarov$b Dmitrii E$0981332 701 $aWight$b Charles A$01604140 801 0$bMiAaPQ 801 1$bMiAaPQ 801 2$bMiAaPQ 906 $aBOOK 912 $a9910830097303321 996 $aChemical dynamics at low temperatures$93928840 997 $aUNINA